| 000 | 00941nam2a2200241 4500 | ||
|---|---|---|---|
| 001 | RU\NLR\BIBL_A\010398190 | ||
| 005 | 20250614043933.0 | ||
| 010 |
_a978-5-88017-221-4 _93000 |
||
| 021 |
_aRU _b2014-25602 _91589 |
||
| 035 | _a(NLR Aleph) 010398190 | ||
| 090 |
_a9697649 _c9697649 |
||
| 100 | _a20140529d2014 |||y0rusy50 ca | ||
| 101 | 0 | _achu | |
| 102 | _aRU | ||
| 105 | _aao||w|||000yy | ||
| 200 | 0 | _aГлáсы 5-8 | |
| 210 |
_d2014 _aБ. м. |
||
| 215 |
_a736 с., [1] л. цв. ил. _cцв. ил. |
||
| 461 | 0 |
_1001RU\NLR\BIBL_A\010407116 _12000#$aỎктѡихъ, сúречь Ỏсмоглáсникъ$vГлáсы 5-8 _99734456 _cМосква _d2014 _nИзд-во Московской Патриархии Русской Православной Церкви _tỎктѡихъ, сúречь Ỏсмоглáсникъ _y9785880172238 _vГлáсы 5-8 |
|
| 942 | _cBOOK | ||
| 980 | _aNB | ||